00914 2200313 4500001002100000005001500021035002000036007000300056040001700059100003300076245010200109250001300211300003800224041000800262082000800270084001400278090002000292264003900312336002100351337003000372338002300402650001400425850001000439008004100449020002200490700004800512990002000560990002000580INLIS00000000000876620260518103410 a0010-1022000141ta aSBPUPADbind0 aDeswinta SanubariePengarang1 aCraft Business Big Ideas :b99 Kreasi Kerajinan Tangan Untuk Bisnis dan Hobi /cDeswinta Sanubari a.- Ed. 1 av, 99 hlm. :bilus. ;c18 X 24 cm aind a680 a680 DES c a813 MOC d 24-10 a.--Yogyakarta :bMitra Buku,c2014 2rdacontentateks 2rdamediaatanpa perantara 2rdacarrieravolume 4aInspirasi aPUPAD260518 0  a978-602-98044-2-30 aPemeriksa Aksara, Daru WijayantiePengarang a23.523/H/DPK/17 a23.512/H/DPK/17